| 000 | 00860cab a2200241 4500 | ||
|---|---|---|---|
| 001 | ABS60117 | ||
| 008 | 090401t1999 xxu||||| |||| 00| 0 eng d | ||
| 035 | _a(Sirsi) u91589 | ||
| 041 | _aeng | ||
| 245 | _aSheds sited to cash in | ||
| 260 | _c1999 | ||
| 350 | _a0 | ||
| 490 |
_aEstates Gazette _v(9907) 20 February 1999, 53(1) |
||
| 520 | _aAs retail rental growth is declining, sheds seem to be making something of a comeback. This is partly due to the usual higher investment returns on industrial property, but is also due to the potential for some rental growth. | ||
| 650 | _aCOLLIERS ERDMAN LEWIS | ||
| 650 | _aINDUSTRIAL PROPERTY | ||
| 650 | _aINDUSTRIAL RENTS | ||
| 650 | _aINVESTMENT RETURNS | ||
| 650 | _aRETAIL RENTAL GROWTH | ||
| 690 | _aPROPERTY-COMMERCIAL PROPERTY-COMMERCIAL PROPERTY MARKET | ||
| 942 | _n0 | ||
| 948 | _c25/02/1999 | ||
| 999 |
_c58155 _d58155 |
||